Регионална библиотека "Любен Каравелов" - Русе

Априлското въстание 1876 (Запис номер 143173)

MARC детайли
000 -Лидер
Контролно поле с фиксирана дължина 02306nam a2200517 a 4500
001 - Контролен номер на записа
Контролно поле 143173
003 - Код на организацията, давaща контролен номер
Контролно поле BLK
005 - Дата и час на последна редакция
Контролно поле 20250128005502.0
008 - Елементи от данни с фиксирана дължина
fixed length control field 180409b bul|||||r ||||||| ||bul||
010 ## - Наследен системен номер
LC control number KNG00149289000
040 ## - Източник на каталожния запис
Идентификатор на билиотеката - собственик на записа BLK
041 ## - Код за език
Код за езика на текст/звукозапис или на отделно заглавие Български
Код за езика КДБФ Български
072 #7 - Код за тематичната категория
Код организация bullib
Код за тематична категория К
Текст Краезнание
080 ## - УДК
Текстов определител УДК Априлско въстание (1876). Четата на Хр. Ботев
УДК код - определител по УДК 94(497.2)"1876"
УДК - код + определител 94(497.2)"1876"
100 1# - Редна дума - Автор
Автор Гандев, Христо
Авторска отговорност първи автор
R(LIN) 366531
139 ## - Редно поле
Редна дума Гандев, Христо
Авторски знак Ган - Г 19
245 10 - Сведения за заглавието
Заглавие Априлското въстание 1876
Подзаглавни данни Моногр.
Редно поле (дума) Христо Гандев
250 ## - Област на изданието
Сведения за изданието 2. прераб. изд.
257 ## - Страна на издаване
Страна на създаване/издаване България
260 ## - Област на издателските данни
Място на издаване, разпространение и проч. София
Име на издателя, разпространителя и проч. Наука и изкуство
Година на издаване 1974
Печатница Плевен : Ал. Пъшев
300 ## - Физическа характеристика
Страници 227 с., 32 л.
Илюстрации и др. ил., факс.
Размери/Мащаб 21 см
380 ## - Жанр
Жанр История
500 ## - Общи забележки
Забележка 1. изд. 1956.
504 ## - Забележка за наличие на библиография и др
Забележка за наличие на библиография и под. Библиогр. с. 208-213.
520 ## - Забележка за наличие на резюме, анотация и т.н
Анотация, рецензия, сканиран текст Рез. на рус. и англ. ез.<br/> Именен и геогр. показалци. <br/>На с. 84,88,115,118,122,139,152 - Революционната дейност на Панайот Волов, героичното му участие във въстанието, гибелта му след неуспеха на въстанието.<br/>Реформи на Мидхат паша - с.13-14.
650 #0 - Допълнително описание по предмет – тема
Основно описание – тема или топоним България - история, османско владичество
9 (RLIN) 245876
650 #7 - Допълнително описание по предмет – тема
Основно описание – тема или топоним Априлско въстание, 1876 г.
9 (RLIN) 147292
651 #4 - Допълнително описание по предмет - топоним
Географско понятие България
9 (RLIN) 241624
653 ## - Ключова дума – ненормативна
Ключова дума българска история
653 ## - Ключова дума – ненормативна
Ключова дума Априлско въстание
653 ## - Ключова дума – ненормативна
Ключова дума националноосвободителни движения
653 ## - Ключова дума – ненормативна
Ключова дума османско владичество
653 ## - Ключова дума – ненормативна
Ключова дума Панайот Волов
9 (RLIN) 193271
653 ## - Ключова дума – ненормативна
Ключова дума Мидхат паша
9 (RLIN) 190965
659 ## - Тематичен бюлетин
Тематичен бюлетин К
852 ## - Местоположение
Форматна сигнатура Цб 74407
Фондова буква Хранилище
852 ## - Местоположение
Форматна сигнатура К 94(497.2)"1876"/Г 19 Х
856 4# - Електронен адрес и достъп
Електронен формат pdf - файл
856 4# - Електронен адрес и достъп
Електронен формат pdf - файл
942 ## - АРТИКУЛИ
Вид на библиотечния материал Книги
Скрит в OPAC Не
Периодичен библиозапис Да
944 ## - СЪЗДАВАНЕ И РЕДАКЦИЯ на ЗАПИСА
Създаване/Редакция Създаване
Дата на регистрацията/редакция 14.08.2013
Статус, дата на статуса CRON CRON
Служител, извършил регистрацията/редакцията
944 ## - СЪЗДАВАНЕ И РЕДАКЦИЯ на ЗАПИСА
Създаване/Редакция Редакция
Дата на регистрацията/редакция 01.09.2016
Статус, дата на статуса 14.08.2013 - от С1,Р / 14.08.2013
Служител, извършил регистрацията/редакцията Теодора_Стоянова
999 ## - СИСТЕМНИ КОНТРОЛНИ НОМЕРА
Koha biblionumber 143173
Koha biblioitemnumber 143173
999 ## - СИСТЕМНИ КОНТРОЛНИ НОМЕРА
Koha biblioitemnumber 143173
999 ## - СИСТЕМНИ КОНТРОЛНИ НОМЕРА
Koha biblioitemnumber 143173
999 ## - СИСТЕМНИ КОНТРОЛНИ НОМЕРА
Koha biblioitemnumber 143173
Наличности
Код за отписване Код за изгубен артикул Източник на класификационната схема Код за повреда Коз за рестрикции Код за отдаване Артикулен № Име на библиотеката - собственик Име на библиотеката, в която се намира в момента Статус (Текущо местоположение) Дата на вписване в системата Местоположение - отдел Цена в лева Инвентарен номер Систематично азбучна сигнатура Баркод Номер на екземпляра Цена в евро Служебна бележка Служебен тип на артикула
  Не е изгубен Universal Decimal Classification Не е повреден само за читалня ползва се в читалня 237540 Регионална библиотека "Любен Каравелов" Русе Регионална библиотека "Любен Каравелов" Русе Хранилище 1974-01-01 Хранилище 2.39 176602 Цб 74407 120000176602 1 1.22 Дост: Dp Вид: Д N: стар фонд Дата: 01.01.1974 Книги
Изтеглен Не е изгубен Universal Decimal Classification Не е повреден без рестрикции заемане за дома 237541 Регионална библиотека "Любен Каравелов" Русе Регионална библиотека "Любен Каравелов" Русе Заемна - подръчен фонд 1974-01-01 Заемна - подръчен фонд 2.39 176768 П 949.72.042/Г 19 176768 2 1.22 Дост: Pk Вид: Ф N: стар фонд Дата: 01.01.1974 Книги
Изтеглен Не е изгубен Universal Decimal Classification Не е повреден без рестрикции заемане за дома 237542 Регионална библиотека "Любен Каравелов" Русе Регионална библиотека "Любен Каравелов" Русе Заемна - подръчен фонд 1974-01-01 Заемна - подръчен фонд 2.39 176771 П 949.72.042/Г 19 176771 3 1.22 Дост: Pk Вид: Ф N: стар фонд Дата: 01.01.1974 Книги
Изтеглен Не е изгубен Universal Decimal Classification Не е повреден без рестрикции заемане за дома 237543 Регионална библиотека "Любен Каравелов" Русе Регионална библиотека "Любен Каравелов" Русе Заемна - подръчен фонд 1974-01-01 Заемна - подръчен фонд 2.39 176772 П 949.72.042/Г 19 176772 4 1.22 Дост: Pk Вид: Ф N: стар фонд Дата: 01.01.1974 Книги
  Не е изгубен Universal Decimal Classification Не е повреден без рестрикции ползва се в читалня 237544 Регионална библиотека "Любен Каравелов" Русе Регионална библиотека "Любен Каравелов" Русе Краезнание 1974-01-01 Краезнание 2.39 176777 К 94(497.2)"1876"/Г 19 Х 120000176777 5 1.22 Дост: Pk Вид: Ф N: стар фонд Дата: 01.01.1974 Дата инв: 07.11.2017 Бележки инв: К2017 Книги
Изтеглен Не е изгубен Universal Decimal Classification Не е повреден без рестрикции заемане за дома 237545 Регионална библиотека "Любен Каравелов" Русе Регионална библиотека "Любен Каравелов" Русе Детски отдел 1974-01-01 Детски отдел 2.39 176834 Д 949.72.042/Г 19 176834 6 1.22 Дост: Pk Вид: Ф N: стар фонд Дата: 01.01.1974 Книги
Vip Innovations Ltd, Rousse, Bulgaria 2025